The modern theatre : (Record no. 76824)
[ view plain ]
| 000 -LEADER | |
|---|---|
| fixed length control field | 00761nam a2200265 a 4500 |
| 001 - CONTROL NUMBER | |
| control field | 76824 |
| 003 - CONTROL NUMBER IDENTIFIER | |
| rucl marc code | BD-RjUL |
| 005 - DATE AND TIME OF LATEST TRANSACTION | |
| control field | 20220928095517.0 |
| 008 - FIXED-LENGTH DATA ELEMENTS--GENERAL INFORMATION | |
| fixed length control field | 721213m19559999nyu 000 0 eng |
| 035 ## - SYSTEM CONTROL NUMBER | |
| System control number | (BD-RjUL) |
| 040 ## - CATALOGING SOURCE | |
| Original cataloging agency | DLC |
| Transcribing agency | DLC |
| Modifying agency | DLC |
| Language of cataloging | eng |
| 041 1# - LANGUAGE CODE | |
| Language code of text/sound track or separate title | engund |
| 082 00 - DEWEY DECIMAL CLASSIFICATION NUMBER | |
| Classification number | 808.82 |
| Edition number | 19 |
| Author mark and year | MOD 1955 |
| 100 1# - MAIN ENTRY--PERSONAL NAME | |
| Dates associated with a name | 1916- |
| Relator term | ed. |
| 9 (RLIN) | 238112 |
| 245 14 - TITLE STATEMENT | |
| Title | The modern theatre : |
| Remainder of title | [Plays] / |
| Statement of responsibility, etc. | Eric, Bentley, |
| Number of part/section of a work | 1916- |
| 260 ## - PUBLICATION, DISTRIBUTION, ETC. (IMPRINT) | |
| Place of publication, distribution, etc. | Garden City, N.Y., |
| Name of publisher, distributor, etc. | Doubleday, |
| Date of publication, distribution, etc. | 1955- |
| 300 ## - PHYSICAL DESCRIPTION | |
| Pagination | v. |
| Size | 18 cm. |
| 490 0# - SERIES STATEMENT | |
| Series statement | Doubleday anchor books, A48, A48b- |
| 650 #0 - SUBJECT ADDED ENTRY--TOPICAL TERM | |
| Topical term or geographic name as entry element | Drama |
| General subdivision | Collections. |
| 9 (RLIN) | 238113 |
| 700 ## - ADDED ENTRY--PERSONAL NAME | |
| Personal name | Bentley, Eric, |
| 906 ## - LOCAL DATA ELEMENT F, LDF (RLIN) | |
| a | 7 |
| b | cbc |
| c | orignew |
| d | u |
| e | ocip |
| f | 19 |
| g | y-gencatlg |
| 942 ## - ADDED ENTRY ELEMENTS (KOHA) | |
| Source of classification or shelving scheme | Dewey Decimal Classification |
| Koha item type | Books |
| Lost status | Source of classification or shelving scheme | Damaged status | Not for loan | Collection code | Permanent Location | Current Location | Shelving location | Date acquired | Total Checkouts | Full call number | Date last seen | Copy number | Koha item type | Source of acquisition |
|---|---|---|---|---|---|---|---|---|---|---|---|---|---|---|
| Dewey Decimal Classification | Not For Loan | Non-fiction | Central Library, University of Rajshahi | Central Library, University of Rajshahi | Reading Room | 23/01/2020 | 808.82 MOD 1955 V-2 | 23/01/2020 | C-1 | Books | ||||
| Dewey Decimal Classification | Not For Loan | Non-fiction | Central Library, University of Rajshahi | Central Library, University of Rajshahi | Reading Room | 23/01/2020 | 808.82 MOD 1955 V-1 | 23/01/2020 | C-1 | Books | ||||
| Dewey Decimal Classification | Non-fiction | Central Library, University of Rajshahi | Central Library, University of Rajshahi | General Stacks | 06/12/1955 | 808.82 MOD V-1 1955 | 28/09/2022 | C-2 | Books | Library of Congress |